| 000 | 00493nam a2200133Ia 4500 | ||
|---|---|---|---|
| 008 | 220620s9999||||xx |||||||||||||| ||und|| | ||
| 100 | _aBerry, Thomas | ||
| 245 | 4 | _aThe Christian Future and the Fate of Earth | |
| 546 | _aEnglish[eng] | ||
| 650 | _aNature||Environmental Conservation & Protection||Religion||Essays||Religion||Christianity | ||
| 700 | _aTucker, Mary Evelyn||Grim, John | ||
| 856 | _uhttps://library.oapen.org/bitstream/20.500.12657/52351/1/external_content.pdf | ||
| 942 | _cEB | ||
| 999 |
_c33120 _d33120 |
||